000 00478nam a2200157Ia 4500
008 160316s1984 xxu||||| |||| 00| 0 eng d
082 _a331.128000
_bLEE
100 _aLee Eddy
245 _aExport processing zones and industrial employment in Asia
250 _a
260 _aBangkok
_bAsian Employment Programme
_c1984
300 _a266p
_b
_c
365 _bRs.
650 _a1.Labour Market - Industrial Employment - Asia 2.Export - Processing - Employment
700 _a
_a
999 _c8451
_d8451